| 000 | 00802cam a2200241 4500 | ||
|---|---|---|---|
| 001 | 2121 | ||
| 005 | 20181127164609.0 | ||
| 008 | 001208s2001 enka b 001 0 eng | ||
| 010 | _a 00068869 | ||
| 020 | _a0521560683 | ||
| 100 | 1 | _aLiebman, Matt. | |
| 245 | 1 | 0 |
_aEcological management of agricultural weeds / _cwritten and edited by Matt Liebman, Charles L. Mohler, Charles P. Staver. |
| 260 |
_aCambridge, U.K.: _bCambridge University Press, _c2001. |
||
| 300 |
_axi, 532 p. : _bill. ; _c26 cm. |
||
| 504 | _aIncludes bibliographical references. | ||
| 650 | 0 | _aAgricultural ecology. | |
| 650 | 0 | _aAgricultural systems. | |
| 650 | 0 | _aTillage. | |
| 650 | 0 |
_aWeeds _xBiological control. |
|
| 650 | 0 |
_aWeeds _xEcology. |
|
| 700 | 1 |
_aMohler, Charles L., _d1947- |
|
| 700 | 1 |
_aStaver, Charles P., _d1949- |
|
| 999 |
_c1666 _d1666 |
||